[Event "YUG-ch"]
[Site "Kladovo"]
[Date "1991.??.??"]
[Round "3"]
[White "Andrijevic, Milan"]
[Black "Rakic, Tomislav"]
[Result "0-1"]
[WhiteElo "2370"]
[BlackElo "2405"]
[PlyCount "58"]
[EventDate "1991.02.??"]
[EventType "swiss"]
[EventRounds "13"]
[EventCountry "YUG"]
[SourceTitle "TD"]
[Source "ChessBase"]
[SourceDate "1994.03.01"]
[SourceVersion "1"]
[SourceVersionDate "1994.03.01"]
[SourceQuality "1"]

1. e4 g6 2. d4 Bg7 3. Nf3 d6 4. Bc4 e6 5. Bb3 Nc6 6. c3 Nf6 7. Nbd2 0-0 8. 0-0 b6 9. Bc2 a5 10. Re1 Ba6 11. Nf1 e5 12. Ng3 exd4 13. cxd4 Nb4 14. Bb1 c5 15. d5 c4 16. Nd4 Nd7 17. a3 Nd3 18. Nc6 Qh4 19. Bxd3 cxd3 20. Rb1 Bc4 21. Be3 Ne5 22. Qc1 Bb3 23. h3 Nxc6 24. dxc6 Qf6 25. Bxb6 Bc2 26. Qd2 Qe5 27. a4 Ra6 28. f4 Qe7 29. Bxa5 Qa7+ 0-1

[Event "YUG-ch"]
[Site "Kladovo"]
[Date "1991.??.??"]
[Round "6"]
[White "Rakic, Tomislav"]
[Black "Abramovic, Bosko"]
[Result "0-1"]
[WhiteElo "2405"]
[BlackElo "2520"]
[PlyCount "41"]
[EventDate "1991.02.??"]
[EventType "swiss"]
[EventRounds "13"]
[EventCountry "YUG"]
[SourceTitle "TD"]
[Source "ChessBase"]
[SourceDate "1994.03.01"]
[SourceVersion "1"]
[SourceVersionDate "1994.03.01"]
[SourceQuality "1"]

1. d4 Nf6 2. Nf3 d5 3. Bf4 c5 4. e3 Nc6 5. Nc3 Bg4 6. Be2 e6 7. 0-0 Be7 8. Ne5 Bxe2 9. Qxe2 cxd4 10. Nxc6 bxc6 11. exd4 Qb6 12. Qd3 0-0 13. a3 a5 14. b3 Nd7 15. Rfe1 Bf6 16. Be5 Nxe5 17. dxe5 Be7 18. Re3 f6 19. Na4 Qa7 20. Qe2 fxe5 21. Rf1 0-1

[Event "YUG-ch"]
[Site "Kladovo"]
[Date "1991.??.??"]
[Round "8"]
[White "Rakic, Tomislav"]
[Black "Narancic, Vlado"]
[Result "0-1"]
[WhiteElo "2405"]
[BlackElo "2385"]
[PlyCount "83"]
[EventDate "1991.02.??"]
[EventType "swiss"]
[EventRounds "13"]
[EventCountry "YUG"]
[SourceTitle "TD"]
[Source "ChessBase"]
[SourceDate "1994.03.01"]
[SourceVersion "1"]
[SourceVersionDate "1994.03.01"]
[SourceQuality "1"]

1. d4 Nf6 2. Nf3 d6 3. c4 g6 4. Nc3 Bg7 5. e4 0-0 6. Bg5 c6 7. Be2 Nbd7 8. Qd2 e5 9. 0-0 Qa5 10. dxe5 dxe5 11. a3 Re8 12. Rfd1 Qc7 13. b4 Nf8 14. Bh6 Bg4 15. Bxg7 Kxg7 16. c5 Bxf3 17. Bxf3 Rad8 18. Qb2 Ne6 19. Rxd8 Rxd8 20. g3 Rd4 21. h4 Qd8 22. Ne2 Rd3 23. Kg2 Nd4 24. Nxd4 Rxd4 25. Re1 h5 26. Re3 a6 27. Be2 Nxe4 28. f3 Nxg3 29. Kxg3 Qxh4+ 30. Kg2 Qg5+ 31. Kf2 Qh4+ 32. Kg2 Qg5+ 33. Kf2 h4 34. f4 Rxf4+ 35. Rf3 h3 36. Qa1 Qg2+ 37. Ke3 Re4+ 38. Kxe4 Qxe2+ 39. Re3 f5+ 40. Kxe5 Qxe3+ 41. Kd6+ Kf7 42. Kc7 0-1

[Event "YUG-ch"]
[Site "Kladovo"]
[Date "1991.??.??"]
[Round "9"]
[White "Vebic, Kasem"]
[Black "Rakic, Tomislav"]
[Result "0-1"]
[WhiteElo "2245"]
[BlackElo "2405"]
[PlyCount "80"]
[EventDate "1991.02.??"]
[EventType "swiss"]
[EventRounds "13"]
[EventCountry "YUG"]
[SourceTitle "TD"]
[Source "ChessBase"]
[SourceDate "1994.03.01"]
[SourceVersion "1"]
[SourceVersionDate "1994.03.01"]
[SourceQuality "1"]

1. d4 g6 2. c4 f5 3. e4 fxe4 4. Nc3 Nf6 5. g4 c5 6. d5 d6 7. h3 Bg7 8. Nge2 e6 9. g5 Nh5 10. Nxe4 0-0 11. Bg2 e5 12. N2c3 a6 13. Bf3 Bf5 14. a4 Nf4 15. h4 Qe7 16. a5 Nd7 17. Na4 Qd8 18. Nac3 b5 19. b3 bxc4 20. bxc4 Rb8 21. Qc2 Rb4 22. Ne2 Qb8 23. N2g3 Rb3 24. Be3 Nd3+ 25. Kf1 Bxe4 26. Nxe4 Rxf3 27. Nd2 Nxf2 28. Bxf2 Rb2 29. Qc1 Rf5 30. Ke2 e4 31. Rb1 Rxf2+ 32. Kxf2 Qf8+ 33. Ke1 Ne5 34. Rh3 Nd3+ 35. Rxd3 exd3 36. Rxb2 Qe7+ 37. Kf1 Qe2+ 38. Kg1 Qg4+ 39. Kf1 Qh3+ 40. Ke1 Qxh4+ 0-1

[Event "Novi Sad tt"]
[Site "Novi Sad"]
[Date "1990.??.??"]
[Round "5"]
[White "Polgar, Judit"]
[Black "Rakic, Tomislav"]
[Result "1/2-1/2"]
[WhiteElo "2550"]
[BlackElo "2370"]
[PlyCount "111"]
[EventDate "1990.09.??"]
[EventType "schev"]
[EventRounds "3"]
[EventCountry "YUG"]
[SourceTitle "EXT 1997"]
[Source "ChessBase"]
[SourceDate "1996.11.15"]
[SourceVersion "1"]
[SourceVersionDate "1996.11.15"]
[SourceQuality "1"]

1. e4 g6 2. d4 Bg7 3. Nc3 d6 4. f4 Nf6 5. Nf3 0-0 6. Bd3 Bg4 7. h3 Bxf3 8. Qxf3 Nc6 9. d5 Nb4 10. Be3 Nxd3+ 11. cxd3 e6 12. dxe6 fxe6 13. d4 c6 14. 0-0 a5 15. d5 Nh5 16. dxe6 Nxf4 17. Bxf4 g5 18. Qg4 gxf4 19. Ne2 Kh8 20. Rxf4 Rxf4 21. Nxf4 Qe7 22. Rf1 Rg8 23. Ng6+ hxg6 24. Rf7 Qd8 25. Kh1 Bh6 26. e7 Qe8 27. Qe6 Bg5 28. h4 Bxe7 29. Rxe7 Qf8 30. Rf7 Qd8 31. Qh3 Rg7 32. Rf4 Qe8 33. b3 Qe5 34. Rf8+ Kh7 35. Qf3 Rd7 36. g4 d5 37. Rf7+ Rxf7 38. Qxf7+ Kh8 39. exd5 Qa1+ 40. Kg2 Qxa2+ 41. Kf3 Qxb3+ 42. Kf4 Qxd5 43. Qxb7 Qd2+ 44. Ke5 Qe3+ 45. Kf6 Qf4+ 46. Kxg6 Qxg4+ 47. Kh6 Qe6+ 48. Kg5 Qe5+ 49. Kg6 Qe6+ 50. Kg5 a4 51. Qb2+ Kg8 52. Qb8+ Kf7 53. Qf4+ Ke7 54. Qxa4 Qd5+ 55. Kf4 Kd6 56. Ke3 1/2-1/2

[Event "Novi Sad tt"]
[Site "Novi Sad"]
[Date "1990.??.??"]
[Round "4"]
[White "Rakic, Tomislav"]
[Black "Polgar, Sofia"]
[Result "1-0"]
[WhiteElo "2370"]
[BlackElo "2410"]
[PlyCount "49"]
[EventDate "1990.09.??"]
[EventType "schev"]
[EventRounds "3"]
[EventCountry "YUG"]
[SourceTitle "EXT 1997"]
[Source "ChessBase"]
[SourceDate "1996.11.15"]
[SourceVersion "1"]
[SourceVersionDate "1996.11.15"]
[SourceQuality "1"]

1. d4 Nf6 2. Nf3 d5 3. Bf4 c5 4. e3 cxd4 5. exd4 g6 6. Nc3 a6 7. Bd3 Nc6 8. h3 Bg7 9. 0-0 0-0 10. Qd2 b5 11. Rfe1 Qb6 12. Ne5 Na5 13. Bf1 Rd8 14. Rad1 Be6 15. b4 Nc6 16. a4 Nxb4 17. axb5 Bf5 18. Na4 Qa5 19. Rb1 Qxa4 20. Rxb4 Qa2 21. Nc6 Ne4 22. Rxe4 dxe4 23. b6 e5 24. b7 exf4 25. Nxd8 1-0

[Event "Novi Sad tt"]
[Site "Novi Sad"]
[Date "1990.??.??"]
[Round "2"]
[White "Rakic, Tomislav"]
[Black "Polgar, Zsuzsa"]
[Result "1-0"]
[WhiteElo "2370"]
[BlackElo "2500"]
[PlyCount "79"]
[EventDate "1990.09.??"]
[EventType "schev"]
[EventRounds "3"]
[EventCountry "YUG"]
[SourceTitle "EXT 1997"]
[Source "ChessBase"]
[SourceDate "1996.11.15"]
[SourceVersion "1"]
[SourceVersionDate "1996.11.15"]
[SourceQuality "1"]

1. d4 d5 2. Nf3 Nf6 3. Bf4 g6 4. Nc3 Bg7 5. Qd2 0-0 6. Bh6 c5 7. Bxg7 Kxg7 8. dxc5 Qa5 9. e4 dxe4 10. Nxe4 Qc7 11. Qc3 Bf5 12. Nxf6 exf6 13. Nd4 Bg4 14. f3 Bd7 15. 0-0-0 Rc8 16. Nb3 Be6 17. Rd6 Nd7 18. Qd4 Nxc5 19. Nxc5 Qxc5 20. Qxc5 Rxc5 21. a3 f5 22. Bd3 Kf6 23. Rd4 Rac8 24. Kd2 Rd5 25. Ra4 a6 26. Rb4 b5 27. Ke3 Bd7 28. Rd1 g5 29. c3 f4+ 30. Kf2 a5 31. Rd4 Rxd4 32. cxd4 Bf5 33. Bxb5 Rc2+ 34. Kf1 Rxb2 35. a4 Ke6 36. Re1+ Kf6 37. Re5 Rb1+ 38. Kf2 Rb4 39. Rd5 Rb2+ 40. Kf1 1-0

[Event "Berliner Sommer 07th"]
[Site "Berlin West"]
[Date "1989.??.??"]
[Round "?"]
[White "Brunner, Lucas"]
[Black "Rakic, Tomislav"]
[Result "1-0"]
[WhiteElo "2425"]
[BlackElo "2360"]
[PlyCount "51"]
[EventDate "1989.08.12"]
[EventType "swiss"]
[EventRounds "9"]
[EventCountry "GER"]
[SourceTitle "EXT 2002"]
[Source "ChessBase"]
[SourceDate "2001.11.25"]
[SourceVersion "1"]
[SourceVersionDate "2001.11.25"]
[SourceQuality "1"]

1. e4 g6 2. d4 Bg7 3. Nf3 d6 4. Bc4 e6 5. Bb3 Nd7 6. 0-0 Ne7 7. c3 a6 8. Re1 0-0 9. Nbd2 b5 10. Nf1 c5 11. dxc5 Nxc5 12. Bc2 Bb7 13. Ng3 e5 14. a4 bxa4 15. Bxa4 f5 16. exf5 Nxf5 17. Bb3+ Kh8 18. Bd5 Bxd5 19. Qxd5 Nxg3 20. hxg3 e4 21. Ng5 Nd3 22. Rxe4 Nxf2 23. Rf4 Qe7 24. Kxf2 Rae8 25. Rxf8+ Rxf8+ 26. Nf3 1-0

[Event "YUG-chT 40th"]
[Site "Brezovica"]
[Date "1988.??.??"]
[Round "?"]
[White "Arapovic, Vitomir"]
[Black "Rakic, Tomislav"]
[Result "1-0"]
[WhiteElo "2395"]
[BlackElo "2380"]
[PlyCount "93"]
[EventDate "1988.??.??"]
[EventType "team"]
[EventRounds "9"]
[EventCountry "YUG"]
[SourceTitle "EXT 2009"]
[Source "ChessBase"]
[SourceDate "2008.11.26"]
[SourceVersion "1"]
[SourceVersionDate "2008.11.26"]
[SourceQuality "1"]

1. e4 c5 2. Nf3 Nc6 3. Bb5 Qc7 4. Nc3 Nf6 5. 0-0 Nd4 6. Re1 a6 7. Bc4 d6 8. h3 e6 9. d3 b5 10. Bb3 Nxb3 11. axb3 Bb7 12. Bf4 h6 13. Nh2 Be7 14. Ng4 b4 15. Ne2 Nxg4 16. hxg4 e5 17. Be3 Qd7 18. Ng3 g6 19. c3 bxc3 20. bxc3 Bh4 21. Nf1 h5 22. gxh5 f5 23. exf5 gxf5 24. d4 0-0-0 25. dxe5 Qc6 26. f3 Bxe1 27. Qxe1 dxe5 28. Ra5 Kb8 29. Rxc5 Qe8 30. Rxe5 Qxh5 31. Bf4 Ka8 32. Kf2 Rd3 33. Qe2 Rxc3 34. Re6 Qf7 35. Nd2 Rc2 36. Rd6 Re8 37. Qd3 Qe7 38. Be3 Ra2 39. Qd4 Bc8 40. b4 Ra3 41. Nc4 Ra2+ 42. Kf1 f4 43. Rd7 Ra1+ 44. Qxa1 Qxb4 45. Ra7+ Kb8 46. Bxf4+ Kxa7 47. Qd4+ 1-0